000 00698nam a22002297a 4500
005 20170124110025.0
010 _aA-409673
020 _c36.00
035 _aA-409673
037 _bCen Lib/Ret
040 _aDPL
_bEN
082 _a332.51
_bGUP
100 _aGupta, Rajendra
_920509
245 _aTheories of inflation :
_cby Richard Goode
_bcritical analysis /
260 _bAtlantic publishers
_aNew Delhi
_c1990
270 _bNew Delhi
_e110002
_a4215/1, Ansari road, Drayaganj
300 _aix,108p.
_c20cm(Hb)
500 _aIncludes bibliographical references
650 _aEconomics
_920510
650 _aInflation theory
_920511
942 _2ddc
_cEN
_h332.41
_mGUP
999 _c127441
_d127441